[Event "5th InfoScore Cup"]
[Site "Baden-Baden GER"]
[Date "2002.07.29"]
[Round "4"]
[White "Glek,I"]
[Black "Nanu,C"]
[Result "1-0"]
[WhiteElo "2590"]
[BlackElo "2456"]

1.e4 c5 2.Nf3 Nc6 3.Bb5 e6 4.O-O Nge7 5.Re1 Qb6 6.Na3 Ng6 7.Bxc6 Qxc6 8.d4 b5
9.d5 Qb6 10.c4 b4 11.Nc2 e5 12.a3 bxa3 13.Rxa3 d6 14.Ne3 Ne7 15.Bd2 Qxb2
16.Rb3 Qa2 17.Bc3 f6 18.Rb5 Qa6 19.Qb3 Bd7 20.Rb7 Bc8 21.Rb5 Bd7 22.Ra1 Qc8
23.Rb7 Ng6 24.Nf5 Nf4 25.Raxa7 Rxa7 26.Rxa7 Bxf5 27.exf5 Be7 28.Bd2 Kf7 29.Bxf4 exf4
30.Qc2 Qb8 31.Ra1 Re8 32.Re1 Bf8 33.Re6 Qa8 34.h4 Qa1+ 35.Kh2 Ra8 36.Re1 Qa2
37.Qe4 Kg8 38.Re2 Qb3 39.Qxf4 Qd3 40.Rd2 Qb1 41.Re2 Qd3 42.Re3 Qc2 43.Ne1 Qd1
44.Qe4 Qh5 45.Nd3 Ra7 46.Qe6+ Rf7 47.g3 g5 48.fxg6 hxg6 49.Nf4 Qh6 50.Rb3 Kg7
51.Qe8 g5 52.Ne6+ Kg8 53.Kg1 Qh5 54.Rb8 Qd1+ 55.Kg2  1-0

[Event "Somes Open"]
[Site "Satu-Mare ROM"]
[Date "2002.07.29"]
[Round "4"]
[White "Deseatnicov,I"]
[Black "Szabo,At"]
[Result "1/2-1/2"]
[WhiteElo "2312"]
[BlackElo "2274"]

1.e4 c5 2.Nf3 Nc6 3.Bb5 g6 4.O-O Bg7 5.Re1 Nf6 6.c3 O-O 7.h3 Qc7 8.d4 cxd4
9.cxd4 d5 10.e5 Ne4 11.Nbd2 Nxd2 12.Bxd2 Bd7 13.Bxc6 Qxc6 14.Qb3 Rfc8 15.Rec1 Qb5
16.Qxb5 Bxb5 17.Ne1 e6 18.b3 Bf8 19.a4 Ba6 20.f4 Be7 21.Kf2 Kf8 22.Ke3 Ke8
23.Nf3 Kd7 24.g4 Rab8 25.Ng5  1/2-1/2

[Event "ch-IRI"]
[Site "Tehran IRI"]
[Date "2002.07.29"]
[Round "2"]
[White "Mohammadi,H"]
[Black "Moosavian,S"]
[Result "1/2-1/2"]
[WhiteElo "2272"]
[BlackElo "2205"]

1.e4 c5 2.Nf3 Nc6 3.Bb5 g6 4.Bxc6 dxc6 5.h3 Bg7 6.O-O Nf6 7.d3 O-O 8.Be3 b6
9.a4 a5 10.Qd2 Ne8 11.Nc3 e5 12.Bh6 f6 13.Nh2 g5 14.Bxg7 Nxg7 15.Ne2 Ne6
16.Ng3 Qe8 17.Ng4 h5 18.Ne3 h4 19.Ngf5 Nd4 20.Nd6 Qh5 21.Nxc8 Raxc8 22.f3 Rfd8
23.Qd1 Qf7 24.c3 Nb3 25.Ra3 c4 26.Nxc4 Nc5 27.Nxb6 Rxd3 28.Nxc8 Rxd1 29.Rxd1 Qc4
30.Rd2 Nb3 31.Rd8+ Kg7 32.Nd6 Qc5+ 33.Kh2 Qb6 34.Nf5+ Kf7 35.Rd7+ Kf8 36.Rd6 Kf7
37.Rd7+ Kg8 38.Rd6 Kf7 39.Rd7+ Kg8 40.Rd6 Kf7 41.Nh6+ Ke7 42.Nf5+  1/2-1/2

[Event "Lost Boys Open"]
[Site "Amsterdam NED"]
[Date "2002.07.30"]
[Round "5"]
[White "Salakhutdinov,I"]
[Black "Krnic,Z"]
[Result "0-1"]
[WhiteElo "2238"]
[BlackElo "2365"]

1.e4 c5 2.Nf3 Nc6 3.Bb5 e6 4.Bxc6 bxc6 5.O-O Ne7 6.e5 Ng6 7.d3 f6 8.exf6 gxf6
9.h4 Qc7 10.g3 d6 11.h5 Ne5 12.Nxe5 fxe5 13.Nc3 Qg7 14.Qf3 Bd7 15.Ne4 Be7
16.Bd2 d5 17.Nc3 Rf8 18.Qe2 Rb8 19.Na4 Rf5 20.b3 Bd6 21.Kh1 Ke7 22.g4 Rg8
23.f3 Rf7 24.c4 Qf6 25.Kg2 Rfg7 26.Rh1 e4 27.dxe4 Qe5 28.Be1 dxe4 29.Bh4+ Ke8
30.Qxe4 Qxe4 31.fxe4 Rxg4+ 32.Kf3 Rf4+ 33.Ke3 Rgg4 34.Be1 Be5 35.Nc3 Bd4+
36.Kd3 Rf3+ 37.Ke2 Re3+  0-1

[Event "Lost Boys Open"]
[Site "Amsterdam NED"]
[Date "2002.07.30"]
[Round "5"]
[White "Sadvakasov,D"]
[Black "Van Wely,L"]
[Result "0-1"]
[WhiteElo "2534"]
[BlackElo "2645"]

1.e4 c5 2.Nf3 Nc6 3.Bb5 e6 4.Bxc6 bxc6 5.O-O Ne7 6.d3 Ng6 7.Ng5 h6 8.Nh3 d5
9.Nf4 Nxf4 10.Bxf4 Qf6 11.Qc1 g5 12.Bg3 Rg8 13.Nc3 h5 14.f4 gxf4 15.Qxf4 Qxf4
16.Bxf4 Ba6 17.Rae1 d4 18.Nb1 c4 19.Rf3 f6 20.e5 f5 21.Nd2 cxd3 22.cxd3 c5
23.Nc4 Bb7 24.Rg3 Rxg3 25.Bxg3 Kd7 26.Nd6 Ba6 27.Rc1 Bxd3 28.Rxc5 Rb8 29.b3 Rb6
30.Rc1 Bh6 31.Re1 Ra6 32.Bf2 Rxa2 33.Bxd4 Kc6 34.Nc4 Be4 35.Bf2 a5 36.h3 Bd5
37.Rb1 a4 38.g3 axb3  0-1

[Event "2nd Summer Open"]
[Site "Savaria HUN"]
[Date "2002.07.30"]
[Round "6"]
[White "Szabo,Ad"]
[Black "Konnyu,J"]
[Result "1-0"]
[WhiteElo "2117"]
[BlackElo "2224"]

1.e4 c5 2.Nf3 Nc6 3.Bb5 e6 4.O-O Nge7 5.Re1 a6 6.Bf1 Ng6 7.d4 cxd4 8.Nxd4 Qc7
9.c4 Be7 10.Be3 O-O 11.Nc3 Nxd4 12.Qxd4 Bf6 13.Qd2 Ne5 14.Rac1 Ng4 15.Bf4 Be5
16.Bxe5 Qxe5 17.g3 Qh5 18.h3 Ne5 19.Qe2 Qg6 20.Bg2 b5 21.c5 b4 22.Na4 a5
23.Red1 Ba6 24.Qe3 Rad8 25.Nb6 h5 26.f4 Qh6 27.Qb3 Nc6 28.Nxd7 Rfe8 29.Qa4 Bb7
30.e5 Qg6 31.Kh2 h4 32.g4 Rc8 33.Rd6 Red8 34.Qc2 Qxc2 35.Rxc2 b3 36.axb3 Nb4
37.Rcd2 Rxd7 38.Rxd7 Bd5 39.Bxd5 exd5 40.R7xd5 Nxd5 41.Rxd5 Kf8 42.Kg2 Ke7
43.Kf3 g5 44.f5 Rb8 45.Rd3 Rc8 46.Rc3 Kd7 47.c6+ Kc7 48.Ke4 Rb8 49.e6 f6
50.Kd4 a4 51.Kc5 Ra8 52.b4 Rd8 53.e7 Re8 54.Re3 Kc8 55.Kd6  1-0

[Event "2nd Summer Open"]
[Site "Savaria HUN"]
[Date "2002.07.30"]
[Round "7"]
[White "Czebe,A"]
[Black "Szilagyi,Z"]
[Result "1-0"]
[WhiteElo "2480"]
[BlackElo "2263"]

1.e4 c5 2.Nf3 Nc6 3.Bb5 e6 4.O-O Qc7 5.Bxc6 bxc6 6.d3 d6 7.Re1 e5 8.c3 Bg4
9.d4 cxd4 10.cxd4 Nf6 11.Nc3 Be7 12.dxe5 dxe5 13.Be3 O-O 14.Rc1 Qb7 15.Qc2 Nd7
16.Red1 f6 17.Na4 Be6 18.Qxc6 Qxc6 19.Rxc6 Rfd8 20.Nc3 Kf7 21.Ra6 Nc5 22.Rxd8 Rxd8
23.Rxa7 Nxe4 24.Kf1 Nxc3 25.bxc3 Rc8 26.Nd2 Rxc3 27.Ne4 Rd3 28.Nc5 Rc3 29.Nxe6 Kxe6
30.a4 f5 31.Ke2 f4 32.Bd2 Rc2 33.Kd3 Ra2 34.f3 g5 35.a5 g4 36.Rb7 h5 37.Rb6+ Kd5
38.Rb5+ Ke6 39.Bc3 Bd6 40.Rb2 Rxb2 41.Bxb2 Kd5 42.a6 Bc5 43.Ba3 Bd4 44.Be7 Ba7
45.Bh4 Bg1 46.h3 e4+ 47.fxe4+ Ke5 48.Ke2 Bc5 49.hxg4  1-0

[Event "6th Open"]
[Site "Korinthos GRE"]
[Date "2002.07.31"]
[Round "9"]
[White "Sperdokli,E"]
[Black "Zozulia,A"]
[Result "0-1"]
[WhiteElo "2119"]
[BlackElo "2309"]

1.e4 c5 2.Nf3 Nc6 3.Bb5 d6 4.c3 Nf6 5.Qe2 Bd7 6.O-O a6 7.Ba4 b5 8.Bc2 e5
9.Re1 Be7 10.d4 cxd4 11.cxd4 Bg4 12.dxe5 Nxe5 13.Bf4 Nh5 14.Bg3 O-O 15.Nbd2 Nxg3
16.hxg3 Rc8 17.Bb3 Bg5 18.Qf1 Bxd2 19.Nxd2 Qa5 20.Nb1 Nd3 21.Re3 Nxb2 22.f3 Qb6
23.Kf2 Be6 24.Qe2 Bxb3 25.axb3 Qd4  0-1

[Event "Proclient Cup"]
[Site "Olomouc CZE"]
[Date "2002.07.31"]
[Round "11"]
[White "Pisk,P"]
[Black "Ptacnikova,L"]
[Result "1/2-1/2"]
[WhiteElo "2345"]
[BlackElo "2203"]

1.e4 c5 2.Nf3 Nc6 3.Bb5 g6 4.Bxc6 bxc6 5.O-O Bg7 6.Re1 f6 7.c3 Nh6 8.d4 cxd4
9.cxd4 Nf7 10.Nc3 O-O 11.b3 d6 12.h3 Qa5 13.Bb2 e5 14.Rc1 Be6 15.Na4 Qb4
16.Rc2 Rad8 17.Qc1 Bh6 18.Qa1 Rd7 19.Rd1 Nd8 20.Bc1 Bxc1 21.Qxc1 Qb7 22.dxe5 dxe5
23.Rxd7 Qxd7 24.Rd2 Qe7 25.Qc5 Kf7 26.Qe3 Kg7 27.Qc3 Bc8 28.Nc5 Nf7 29.b4 Rd8
30.Kf1 Nd6 31.a4 Nf7 32.Rxd8 Qxd8 33.Ke2 Qd6 34.Nd2 Be6 35.Nb7 Qc7 36.Na5 Nd8
37.Qc5 Qd7 38.Qc3 Kf7 39.Qc5 Ba2 40.Qc2 Be6 41.h4 Qd4 42.Qd3 Qxd3+ 43.Kxd3 Ke7
44.g3 Kd6 45.Ndc4+ Bxc4+ 46.Nxc4+ Ke6 47.a5 Kd7 48.Ke3 Ne6 49.f4 exf4+ 50.gxf4 Nc7
51.Nb2 c5 52.bxc5 Kc6 53.Nd3 Ne6 54.f5 gxf5 55.exf5 Nxc5 56.Nf4 Kd6 57.Ne2 Nb3
58.a6 Ke5 59.Nc3 Kxf5 60.Nb5 Kg4 61.Nxa7 Nc5 62.Nb5 Nxa6 63.Nd4 Nc5 64.h5 f5
65.h6 f4+ 66.Kf2 Ne4+ 67.Kg2 Ng5 68.Kf2 f3 69.Nc2 Nh3+ 70.Kf1 Kh5 71.Ne1 Ng5
72.Kf2 Kxh6 73.Nxf3  1/2-1/2

[Event "7th Open"]
[Site "Creon FRA"]
[Date "2002.08.01"]
[Round "6"]
[White "Libiszewski,F"]
[Black "Dumitrache,D"]
[Result "0-1"]
[WhiteElo "2316"]
[BlackElo "2504"]

1.e4 c5 2.Nf3 Nc6 3.Bb5 Qb6 4.Nc3 e6 5.O-O Nge7 6.Re1 a6 7.Bxc6 Nxc6 8.b3 Be7
9.Bb2 O-O 10.Nd5 exd5 11.exd5 Qd8 12.dxc6 dxc6 13.h3 Re8 14.Qe2 Be6 15.Rad1 Bf8
16.Qe5 Bd5 17.Qg3 Rxe1+ 18.Nxe1 c4 19.Nf3 Qd6 20.Ne5 cxb3 21.c4 Be6 22.Qxb3 f6
23.Ng4 b5 24.d3 Rb8 25.Qc3 Bxc4 26.Re1 Bxd3 27.Rd1 Rd8 28.Qb3+ Kh8 29.Qf7 Qe7
30.Nh6 Bc4 31.Rxd8 Bxf7  0-1

[Event "8th Open"]
[Site "Chambery FRA"]
[Date "2002.08.02"]
[Round "1"]
[White "Thereze,L"]
[Black "Cosma,E"]
[Result "0-1"]
[WhiteElo "2013"]
[BlackElo "2387"]

1.e4 c5 2.Nf3 Nc6 3.Bb5 Qb6 4.Nc3 e6 5.Bxc6 Qxc6 6.d4 cxd4 7.Nxd4 Qc7 8.O-O a6
9.Be3 b5 10.Qd3 Bb7 11.Rad1 Nf6 12.f3 Be7 13.Rfe1 O-O 14.Bf2 b4 15.Na4 d5
16.e5 Nd7 17.f4 Bc6 18.Nxc6 Qxc6 19.b3 Rfc8 20.Re2 Qb5 21.c3 bxc3 22.Rc2 Bb4
23.Bd4 Rc6 24.Qg3 Nc5 25.Nxc5 Bxc5 26.Rxc3 Bxd4+ 27.Rxd4 Qb6 28.Rxc6 Qxd4+
29.Qf2 Qa1+ 30.Qf1 Qxa2 31.Qc1 h6 32.Rb6 Qe2 33.h3 Rd8 34.Qc7 Qe3+ 35.Kh1 Rf8
36.f5 exf5 37.Rb8 Rxb8 38.Qxb8+ Kh7 39.Qe8 d4 40.Qxf7 Qe1+ 41.Kh2 Qxe5+ 42.Kh1 d3
43.Qd7 Qb5  0-1

[Event "8th Open"]
[Site "Chambery FRA"]
[Date "2002.08.02"]
[Round "1"]
[White "Marzolo,C"]
[Black "Assayag,S"]
[Result "1-0"]
[WhiteElo "2415"]
[BlackElo "2022"]

1.Nf3 c5 2.e4 Nc6 3.Bb5 d6 4.O-O Bd7 5.Re1 e5 6.c3 Nf6 7.d3 Be7 8.Nbd2 a6
9.Ba4 b5 10.Bc2 O-O 11.Nf1 Qc7 12.Ng3 Rac8 13.h3 Rfe8 14.Nh2 d5 15.Qf3 dxe4
16.dxe4 Be6 17.Nf5 Bf8 18.Bg5 Nd7 19.Ng4 f6 20.Bd2 Nb6 21.Ng3 Rcd8 22.Bc1 Rd7
23.Nh5 Be7 24.Qg3 Kh8 25.Nxg7 Kxg7 26.Nxf6+ Kf7 27.Nxd7 Nxd7 28.f4 Rg8 29.Qf3 Nf6
30.a4 b4 31.f5 Bc8 32.Bb3+ Kg7 33.Bxg8 Kxg8 34.Bh6 Ne8 35.Qh5 Ng7 36.Qe2 Na5
37.Rad1 Qc6 38.Bxg7 Kxg7 39.Qg4+ Kh8 40.Re3 Qf6 41.Qh5 Qf8 42.f6  1-0

[Event "Ladies"]
[Site "Stockholm SWE"]
[Date "2002.08.03"]
[Round "1"]
[White "Berg,Su"]
[Black "Johansson,V"]
[Result "0-1"]
[WhiteElo "2056"]
[BlackElo "2176"]

1.e4 c5 2.Nf3 Nc6 3.Bb5 d6 4.c3 Bd7 5.O-O Nf6 6.Re1 a6 7.Ba4 b5 8.Bb3 c4
9.Bc2 g6 10.b3 Bg7 11.a4 O-O 12.Na3 Na5 13.b4 Nc6 14.d4 cxd3 15.Qxd3 Ng4
16.Bf4 Qb6 17.Bg3 Nce5 18.Nxe5 Nxe5 19.Qd2 Rac8 20.a5 Qc7 21.Nb1 Nc6 22.Bb3 Ne5
23.f4 Ng4 24.Rc1 Qa7+ 25.Kh1 Bc6 26.Qe2 Nf6 27.Nd2 Qb7 28.Re1 Nh5 29.Rac1 Nxg3+
30.hxg3 Rc7 31.Qe3 Bd7 32.Bd5 Qc8 33.Nb1 Be6 34.Bxe6 Qxe6 35.Qf3 Rfc8 36.f5 Qe5
37.fxg6 hxg6 38.Qe3 Qh5+ 39.Kg1 Bh6 40.Qd4 Bxc1 41.Rxc1 Qg5 42.Rf1 Qxg3 43.Rf3 Qe5
44.Qe3 Rc4 45.Rf4 d5 46.Nd2 Rxc3 47.Qf2 Rc1+ 48.Nf1 R8c2 49.Qh4 dxe4 50.Rxe4 Qf6
51.Qxf6 exf6 52.Rf4 Kg7  0-1

[Event "Open A"]
[Site "Trier GER"]
[Date "2002.08.03"]
[Round "8"]
[White "Prizker,B"]
[Black "Koerholz,L"]
[Result "1-0"]
[WhiteElo "2193"]
[BlackElo "2371"]

1.e4 c5 2.Nf3 Nc6 3.Bb5 g6 4.O-O Bg7 5.c3 Nf6 6.d3 O-O 7.Nbd2 Ne8 8.Re1 Nc7
9.a4 e5 10.Nc4 d6 11.Ne3 Be6 12.Bc4 d5 13.exd5 Nxd5 14.Ng5 Qxg5 15.Nxd5 Qd8
16.Qf3 f6 17.Be3 Qd6 18.b4 cxb4 19.cxb4 b6 20.a5 Rad8 21.axb6 Bxd5 22.Bc5 Rf7
23.Bxd6 Bxf3 24.bxa7 Ra8 25.gxf3 Rxa7 26.Rxa7 Nxa7 27.Bc5 Nc6 28.Ra1 Bf8
29.Ra8 Kg7 30.Bxf7 Bxc5 31.bxc5 Kxf7 32.Rc8 Nd4 33.f4 Ne2+ 34.Kf1 Nxf4 35.Rh8 Ke6
36.Rxh7 Kd5 37.Rc7 Ne6 38.Rf7 f5 39.Rf6 Nxc5 40.Rxg6 Nxd3 41.Rg5 Ke6 42.h4 Nf4
43.f3 Kf6 44.Rg8 Kf7 45.Rg3 Kf6 46.Ke1 Kf7 47.Kd2 Kf6 48.Kc2 Ne2 49.Rg2 Nd4+
50.Kc3 Nxf3 51.h5 Ng5 52.h6 Nh7 53.Kc4 Nf8 54.Kd5 e4 55.Kd4 Ne6+ 56.Ke3 Nf8
57.Rg7 Ng6 58.Rg8  1-0

[Event "Proclient Cup"]
[Site "Olomouc CZE"]
[Date "2002.08.05"]
[Round "6"]
[White "Suran,J"]
[Black "Klima,L"]
[Result "1/2-1/2"]
[WhiteElo "2404"]
[BlackElo "2383"]

1.e4 c5 2.Nf3 Nc6 3.Bb5 g6 4.O-O Bg7 5.Re1 e5 6.Bxc6 dxc6 7.d3 Ne7 8.a3 O-O
9.Be3 b6 10.Nbd2 Be6 11.Ng5 Bd7 12.b4 h6 13.Ngf3 cxb4 14.axb4 Qc7 15.Ra3 Rad8
16.Qa1 Nc8 17.d4 exd4 18.Bxd4 Bxd4 19.Nxd4 Rfe8 20.Rae3 Ne7 21.N2f3 Bg4 22.h3 Bxf3
23.Nxf3 a5 24.bxa5 bxa5 25.Ne5 Nc8 26.Ng4 Re6 27.Nxh6+ Kh7 28.Ng4 Qe7 29.Qxa5 Nd6
30.Qc5 Nb5 31.Qxe7 Rxe7 32.e5 Kg7 33.Rd3 Rxd3 34.cxd3 Nd4 35.Re4 c5 36.Kh2 Ra7
37.Nf6 Ra2 38.Nd7 Nc6 39.Rc4 Rxf2 40.Nxc5 Nd8 41.Kg3 Rd2 42.Rc3 Kh6 43.Ne4 Rd1
44.Kf2 Ne6 45.g3 g5 46.Kf3 Kh5 47.Nf6+ Kg6 48.Kg4 Ra1 49.Rc8 Ra4+ 50.Ne4 Rd4
51.Rc3 Rd5 52.h4 gxh4 53.Kxh4 Rxe5  1/2-1/2

[Event "II UPI"]
[Site "Mancha Real ESP"]
[Date "2002.08.06"]
[Round "5"]
[White "Saldano,H"]
[Black "Fernandez Siles,L"]
[Result "1-0"]
[WhiteElo "2414"]
[BlackElo "2236"]

1.e4 c5 2.Nf3 Nc6 3.Bb5 g6 4.O-O Bg7 5.c3 Nf6 6.d4 cxd4 7.cxd4 Nxe4 8.d5 Nb8
9.Re1 Nd6 10.Bg5 f6 11.Bf4 Nxb5 12.a4 O-O 13.axb5 e5 14.dxe6 dxe6 15.Qb3 Re8
16.Na3 Nd7 17.Rad1 Qe7 18.Nc4 Nf8 19.Bd6 Qf7 20.Ba3 e5 21.Qa4 Be6 22.Nd6 Qd7
23.Nxe8 Qxe8 24.Qe4 Bb3 25.Bxf8 Bxd1 26.Bxg7 Bxf3 27.Qxf3 Kxg7 28.Qxb7+ Kh8
29.Rc1 Rd8 30.Qxa7 Qxb5 31.Qe7 Qb6 32.h3 Qd6 33.Qf7 Qf8 34.Qb7 Rb8 35.Qa6 Ra8
36.Qc6 Rb8 37.b4 Rxb4 38.Ra1 Kg7 39.Ra7+ Kh6 40.Qd7 Qc5 41.Qxh7+ Kg5 42.Ra1 Qd4
43.Rf1 Ra4 44.g3 Kf5 45.Qh6 g5 46.Qh5 Ke6 47.Qe8+ Kf5 48.g4+ Kf4 49.Qe6 Kf3
50.Qf5+ Ke2 51.Qc2+ Kf3 52.Qb3+ Ke2 53.Kg2 Qe4+ 54.f3 Qd4 55.Qc2+ Ke3 56.Re1+  1-0

[Event "9th Open"]
[Site "Nice FRA"]
[Date "2002.08.06"]
[Round "2"]
[White "Nevednichy,V"]
[Black "Glicenstein,A"]
[Result "1-0"]
[WhiteElo "2537"]
[BlackElo "2209"]

1.e4 c5 2.Nf3 Nc6 3.Bb5 e6 4.Bxc6 bxc6 5.d3 Ne7 6.Bd2 Ng6 7.h4 h5 8.e5 f6
9.Bc3 Be7 10.Nbd2 Nxe5 11.Nxe5 fxe5 12.Bxe5 Bf6 13.Bd6 Bxb2 14.Ne4 Qa5+ 15.Kf1 c4
16.Rb1 Be5 17.dxc4 Ba6 18.Kg1 Bxd6 19.Qxd6 Rd8 20.Rh3 Qxa2 21.Re1 Bxc4 22.Rg3  1-0

[Event "6th HZ Open"]
[Site "Vlissingen NED"]
[Date "2002.08.06"]
[Round "4"]
[White "Willemze,T"]
[Black "Nijboer,F"]
[Result "0-1"]
[WhiteElo "2253"]
[BlackElo "2567"]

1.e4 c5 2.Nf3 Nc6 3.Bb5 e6 4.Nc3 Nge7 5.O-O f6 6.d4 cxd4 7.Nxd4 Nxd4 8.Qxd4 a6
9.Ba4 b5 10.Bb3 Nc6 11.Qd1 Na5 12.Be3 Bb7 13.Bc5 Qc7 14.Bxf8 Rxf8 15.Qd4 O-O-O
16.a4 Nc6 17.Qc5 b4 18.Na2 f5 19.f3 a5 20.c3 fxe4 21.fxe4 Rxf1+ 22.Rxf1 bxc3
23.Nxc3 Qe5 24.Qf2 Qd4 25.Nb5 Qxf2+ 26.Rxf2 Ne5 27.Nd6+ Kc7 28.Nf7 Nxf7 29.Rxf7 Kd6
30.e5+ Kxe5 31.Rxg7 Be4 32.Rg5+ Bf5 33.h4 Kf4 34.g3+ Ke3 35.g4 Be4 36.Rc5 d5
37.g5 Rb8 38.Rc3+ Kf4 39.Kf2 d4 40.Rh3 d3 41.Bxe6 Rxb2+ 42.Ke1 Bf3  0-1

[Event "Open"]
[Site "Olomouc CZE"]
[Date "2002.08.07"]
[Round "8"]
[White "Zolnierowicz,K"]
[Black "Arutunian,D"]
[Result "1/2-1/2"]
[WhiteElo "2282"]
[BlackElo "2420"]

1.e4 c5 2.Nf3 Nc6 3.Bb5 g6 4.O-O Bg7 5.c3 Nf6 6.Re1 O-O 7.h3 d5 8.e5 Nd7
9.d4 a6 10.Bxc6 bxc6 11.e6 fxe6 12.Rxe6 Nf6 13.Re1 Ne4  1/2-1/2

[Event "6th Open"]
[Site "Genova ITA"]
[Date "2002.08.09"]
[Round "8"]
[White "Scacco,M"]
[Black "Sbarra,M"]
[Result "0-1"]
[WhiteElo "2070"]
[BlackElo "2237"]

1.e4 c5 2.Nf3 Nc6 3.Bb5 e6 4.Bxc6 bxc6 5.O-O Qc7 6.d3 Ne7 7.Nc3 Ng6 8.Ng5 f6
9.Nh3 Be7 10.Qh5 O-O 11.f4 Rf7 12.f5 Nf8 13.g4 g6 14.Qh4 d5 15.fxe6 Nxe6
16.exd5 Nd4 17.Bf4 Bd6 18.Bxd6 Qxd6 19.Ne4 Ne2+ 20.Kh1 Qxd5 21.Rxf6 Rxf6
22.Qxf6 Bxg4 23.Nf2 Bh5 24.c4 Qd7 25.h3 Rf8 26.Qe5 Qf7 27.Kh2 Qxf2+  0-1

[Event "11th Open"]
[Site "Kavala GRE"]
[Date "2002.08.11"]
[Round "3"]
[White "Kapnisis,S"]
[Black "Banikas,H"]
[Result "1/2-1/2"]
[WhiteElo "2393"]
[BlackElo "2521"]

1.e4 c5 2.Nf3 Nc6 3.Bb5 g6 4.O-O Bg7 5.Nc3 d6 6.e5 Bg4 7.exd6 exd6 8.h3 Bxf3
9.Qxf3 Ne7 10.Nd5 O-O 11.Nxe7+ Nxe7 12.Qxb7 Rb8 13.Qa6 Rb6 14.Qa4 Qb8 15.Re1 Nf5
16.Bd3 Rb4 17.Qd7 Rd8 18.Qc6 Nd4 19.Qd5 Re8 20.Re3 Ne6 21.c3 Rh4 22.Bc4 Bh6
23.Re2 Rh5 24.Qc6 d5 25.Ba6 Rf8 26.d4 Bxc1 27.Rxc1 cxd4 28.Rce1 dxc3 29.bxc3 Rg5
30.Re3 d4 31.cxd4 Nxd4 32.Qd7 Qd8 33.Qxd8 Rxd8 34.Re8+ Rxe8 35.Rxe8+ Kg7  1/2-1/2

[Event "ADCF Masters"]
[Site "Abu Dhabi UAE"]
[Date "2002.08.12"]
[Round "1"]
[White "Dzhumaev,M"]
[Black "Janahi,Z"]
[Result "1-0"]
[WhiteElo "2494"]
[BlackElo "2191"]

1.e4 c5 2.Nf3 Nc6 3.Bb5 g6 4.O-O Bg7 5.c3 Nf6 6.Re1 a6 7.Bxc6 dxc6 8.h3 c4
9.b3 cxb3 10.axb3 c5 11.Ba3 b6 12.d4 cxd4 13.cxd4 Bb7 14.Nbd2 O-O 15.d5 Ne8
16.Ra2 Nd6 17.Bb2 Bxb2 18.Rxb2 Rc8 19.Nd4 Qd7 20.N2f3 Nb5 21.Ne5 Qd6 22.Ndf3 f6
23.Nc4 Qc5 24.Qd2 Nd6 25.Nd4 Nxc4 26.bxc4 Qxc4 27.Rxb6 Ba8 28.Ne6 Rf7 29.Rb4  1-0

[Event "ADCF Masters"]
[Site "Abu Dhabi UAE"]
[Date "2002.08.13"]
[Round "2"]
[White "Arkhipov,S"]
[Black "Umansky,Vl"]
[Result "1-0"]
[WhiteElo "2499"]
[BlackElo "2405"]

1.e4 c5 2.Nf3 Nc6 3.Bb5 e6 4.Bxc6 bxc6 5.d3 Ne7 6.Bd2 Ng6 7.h4 h5 8.e5 f6
9.Qe2 Be7 10.Bc3 Kf7 11.g3 d5 12.exd6 Qxd6 13.Nbd2 e5 14.Nc4 Qd5 15.Ne3 Qe6
16.Nd2 f5 17.Nec4 Bf6 18.O-O-O Ba6 19.Rhe1 Rae8 20.Qe3 Qd5 21.Kb1 Re7 22.Nb3 Bxc4
23.dxc4 Qxc4 24.Qf3 Qb5 25.Qxf5 c4 26.Nd2 e4 27.Nxe4 Qxf5 28.Nd6+ Kg8 29.Nxf5 Rxe1
30.Bxe1 Kh7 31.Ne3 Ne5 32.Bc3 Ng4 33.Nxg4 Bxc3 34.Ne3 Rb8 35.Nxc4 Rb4 36.b3 Rb7
37.Rd3 Bf6 38.Kc1  1-0

[Event "ch-AUT"]
[Site "Oberpullendorf AUT"]
[Date "2002.08.13"]
[Round "4"]
[White "Neumeier,K"]
[Black "Aschenbrenner,R"]
[Result "1/2-1/2"]
[WhiteElo "2332"]
[BlackElo "2230"]

1.e4 c5 2.Nf3 Nc6 3.Bb5 g6 4.Bxc6 bxc6 5.O-O Bg7 6.Re1 Nh6 7.c3 O-O 8.d4 cxd4
9.cxd4 d6 10.h3 Bd7 11.Bf4 f6 12.Qd2 Nf7 13.e5 fxe5 14.dxe5 Nxe5 15.Nxe5 Rxf4
16.Qxf4 Bxe5 17.Rxe5 dxe5 18.Qxe5 Bxh3 19.Nc3 Bf5 20.Re1 Rb8 21.Qc5 Qd6 22.Qxa7 Rxb2
23.Rxe7 Rb1+ 24.Nxb1  1/2-1/2

[Event "ADCF Masters"]
[Site "Abu Dhabi UAE"]
[Date "2002.08.14"]
[Round "3"]
[White "Komliakov,V"]
[Black "Turov,M"]
[Result "0-1"]
[WhiteElo "2450"]
[BlackElo "2518"]

1.e4 c5 2.Nf3 Nc6 3.Bb5 g6 4.Bxc6 bxc6 5.O-O Bg7 6.Re1 Nh6 7.c3 f6 8.d4 cxd4
9.cxd4 O-O 10.Qa4 Qb6 11.Nbd2 Qa6 12.Qc2 d6 13.b4 Nf7 14.Nb3 Bg4 15.Nfd2 e5
16.Bb2 Be6 17.Na5 c5 18.d5 Bd7 19.Nc6 Bxc6 20.dxc6 Rfc8 21.Qc4 Qxc4 22.Nxc4 cxb4
23.Na5 Rab8 24.Red1 f5 25.exf5 Rb5 26.fxg6 hxg6 27.Nb3 a5 28.Rac1 d5 29.Nd2 Bh6
30.Kf1 Rb6 31.Ke2 a4 32.f3 Rbxc6 33.Rxc6 Rxc6 34.Kd3 Bg7 35.Rc1 Nd8 36.Rxc6 Nxc6
37.Kc2 Kf7 38.Nf1 Bh6 39.Ng3 Bf4 40.Ne2 Bxh2 41.Bc1 Ke6 42.Kd3 Kf5 43.g3 g5
44.Bd2 g4 45.Ke3 d4+ 46.Kf2 b3 47.axb3 axb3 48.Bc1 Nb4 49.Kg2 Nd3 50.fxg4+ Kxg4
51.Ba3 b2 52.Bxb2 Nxb2  0-1

[Event "ch-AUT"]
[Site "Oberpullendorf AUT"]
[Date "2002.08.14"]
[Round "5"]
[White "Eisterer,H"]
[Black "Wolfram,B"]
[Result "1-0"]
[WhiteElo "2375"]
[BlackElo "2150"]

1.e4 c5 2.Nf3 Nc6 3.Bb5 g6 4.O-O Bg7 5.Re1 Qb6 6.a4 a6 7.Bc4 d6 8.c3 Nf6
9.h3 Nd7 10.Na3 O-O 11.d3 h6 12.Ba2 Kh7 13.Nc4 Qc7 14.Bb1 Rb8 15.a5 Nde5
16.Nfxe5 Nxe5 17.Nb6 Nc6 18.Nxc8 Rbxc8 19.Qa4 e5 20.Be3 f5 21.f3 Bf6 22.exf5 gxf5
23.d4 Bh4 24.Rd1 Qe7 25.dxc5 dxc5 26.Bc2 Bg5 27.Bf2 Bf4 28.Qc4 Nd8 29.Rd5 Ne6
30.Rad1 Rc7 31.Ba4 Qg5 32.Rd7+ Rxd7 33.Rxd7+ Ng7 34.Qxc5 Rf6 35.Qe7 Kh8 36.h4 Qg6
37.Rd8+  1-0

[Event "ch-AUT"]
[Site "Oberpullendorf AUT"]
[Date "2002.08.14"]
[Round "5"]
[White "Eder,M"]
[Black "Schwaninger,W"]
[Result "1-0"]
[WhiteElo "2211"]
[BlackElo "2252"]

1.e4 c5 2.Nf3 Nc6 3.Bb5 Qb6 4.Nc3 e6 5.O-O Nd4 6.Bc4 a6 7.a4 Ne7 8.e5 Nec6
9.Re1 Qc7 10.d3 Nxf3+ 11.Qxf3 Nxe5 12.Qg3 d6 13.Bf4 Nxc4 14.dxc4 e5 15.Bxe5 Be6
16.Nd5 Qc6 17.Bxg7 Bxg7 18.Qxg7 Kd7 19.Rxe6  1-0

[Event "ch-AUT"]
[Site "Oberpullendorf AUT"]
[Date "2002.08.14"]
[Round "5"]
[White "Halser,W"]
[Black "Hardt,C"]
[Result "1-0"]
[WhiteElo "2158"]
[BlackElo "2170"]

1.e4 c5 2.Nf3 Nc6 3.Bb5 g6 4.O-O Bg7 5.c3 Nf6 6.Re1 O-O 7.d4 cxd4 8.cxd4 d5
9.e5 Ne4 10.Nc3 Nxc3 11.bxc3 Bg4 12.Be2 Bxf3 13.Bxf3 e6 14.a4 Na5 15.Be2 Qc7
16.Ba3 Rfc8 17.Rb1 Bf8 18.Bb2 Nc4 19.Bc1 Rab8 20.Bxc4 Qxc4 21.Bd2 Be7 22.Qb3 Qa6
23.Ra1 Rc6 24.a5 Rbc8 25.Reb1 R8c7 26.g3 Kg7 27.Qd1 Qd3 28.Bh6+  1-0

[Event "ADCF Masters"]
[Site "Abu Dhabi UAE"]
[Date "2002.08.15"]
[Round "5"]
[White "Komliakov,V"]
[Black "Al Sulaiti,G"]
[Result "1-0"]
[WhiteElo "2450"]
[BlackElo "2026"]

1.e4 c5 2.Nf3 Nc6 3.Bb5 g6 4.Bxc6 dxc6 5.h3 Bg7 6.d3 b6 7.O-O f6 8.a4 a5
9.Na3 e5 10.Be3 Nh6 11.Nc4 Be6 12.Nfd2 Nf7 13.Qe2 O-O 14.c3 Nd6 15.Na3 Ra7
16.f4 exf4 17.Bxf4 f5 18.Rae1 Rd7 19.exf5 Bxf5 20.g4 Re8 21.Qf3 Be6 22.Qxc6 h5
23.Nb5 Bf8 24.Rxe6 Rxe6 25.Qd5 Qe8 26.Re1 Ne4 27.Qc4 Qf7 28.Rxe4 Rxe4 29.Nxe4 Qxc4
30.dxc4 Rd1+ 31.Kg2 hxg4 32.hxg4  1-0

[Event "ADCF Masters"]
[Site "Abu Dhabi UAE"]
[Date "2002.08.15"]
[Round "5"]
[White "Sarwat,W"]
[Black "Khalid AlShaali"]
[Result "1/2-1/2"]
[WhiteElo "2396"]
[BlackElo "2197"]

1.e4 c5 2.Nf3 Nc6 3.Bb5 g6 4.O-O Bg7 5.Re1 e5 6.a4 Nge7 7.Nc3 O-O 8.Bc4 d6
9.d3 h6 10.Nd2 Kh7 11.Nd5 f5 12.exf5 gxf5 13.c3 Be6 14.Nxe7 Qxe7 15.Bxe6 Qxe6
16.f4 Qf7 17.Nf3 Rfe8 18.fxe5 dxe5 19.Be3 Rad8 20.Qc2 b6 21.Rf1 Qd5 22.Rad1 e4
23.dxe4 Qxe4 24.Qxe4 Rxe4  1/2-1/2

[Event "11th Open"]
[Site "Kavala GRE"]
[Date "2002.08.16"]
[Round "8"]
[White "Moshina,C"]
[Black "Antic,D"]
[Result "1/2-1/2"]
[WhiteElo "2271"]
[BlackElo "2481"]

1.e4 c5 2.Nf3 Nc6 3.Bb5 e6 4.O-O Nge7 5.Re1 a6 6.Bf1 d5 7.exd5 Qxd5 8.c3 Qd8
9.d4 cxd4 10.cxd4 Nd5 11.Nc3 Be7 12.Bc4 Nxc3 13.bxc3 O-O 14.Bf4 b5 15.Bd3 Bb7
16.Qd2 Rc8 17.h4 b4 18.c4 Bf6 19.Rad1 Nxd4 20.Nxd4 Bxd4 21.Bxh7+ Kxh7 22.Qxd4 Qxh4
23.Bd6 Qxd4 24.Rxd4 Rfd8 25.Rh4+ Kg8 26.Bxb4 Rd3 27.f3 Rcd8 28.Kf2 Rd1 29.Reh1 Rxh1
30.Rxh1 Rd4 31.Rc1 e5 32.Ke3 f5 33.Bc5 f4+ 34.Ke2 Rd7 35.Rd1 Rxd1 36.Kxd1 Kf7
37.Bd6 Ke6 38.Bc7 Kf5 39.Ke2 g5 40.Kf2 Bc6 41.g3 Bb7 42.a4 Ba8 43.a5 Bc6
44.Bb8 Bd7 45.Bc7 Be6 46.c5 Bd5 47.Bb8 Bb7 48.Bc7 Bc6 49.Bb8 Ke6 50.gxf4 gxf4
51.Bc7 Kd5 52.Bd6 Kd4 53.Bc7 Bd5  1/2-1/2